Изображение и изъяснение фейэрверка и иллуминации (Запись № 9699758)

Подробности
000 -МАРКЕР
контрольное поле 02444nam0a22003851 4500
001 - ИДЕНТИФИКАТОР ЗАПИСИ
контрольное поле RU\NLR\A1\26151
005 - ИДЕНТИФИКАТОР ВЕРСИИ
контрольное поле 20251203152403.2
035 ## - ДРУГИЕ СИСТЕМНЫЕ НОМЕРА
Идентификатор записи (NLR Aleph) 009680470
100 ## - ДАННЫЕ ОБЩЕЙ ОБРАБОТКИ
Данные общей обработки 19990818d1742 u y0rusy50 ca
101 2# - ЯЗЫК РЕСУРСА
Язык текста, звукозаписи и т.д. русский
-- немецкий
102 ## - СТРАНА ПУБЛИКАЦИИ ИЛИ ПРОИЗВОДСТВА
Страна публикации Российская Федерация
200 1# - ЗАГЛАВИЕ И СВЕДЕНИЯ ОБ ОТВЕТСТВЕННОСТИ
Основное заглавие Изображение и изъяснение фейэрверка и иллуминации
Сведения, относящиеся к заглавию Которые апреля 25 дня 1742 году по благополучно совершившемся высоком помазании и короновании ея величества всепресветлейшия, державнейшия, великия и непобедимыя государыни Елисаветы Петровны императрицы и самодержицы всероссийския и прочая, и прочая, и прочая, при прочих публичных увеселениях пред домом ея императорскаго величества в Москве зажжены были
210 ## - ПУБЛИКАЦИЯ, РАСПРОСТРАНЕНИЕ И ДР.
Место издания, распространения и т.д. [СПб.]
Имя издателя, распространителя и т. д. Печ. при Имп. Акад. наук
Дата издания, распространения и т.д. [1742]
215 ## - ФИЗИЧЕСКАЯ ХАРАКТЕРИСТИКА
Специфическое обозначение материала и объем [8] с., 1 л. ил.
Размеры
303 ## - ОБЩИЕ ПРИМЕЧАНИЯ, ОТНОСЯЩИЕСЯ К ОПИСАТЕЛЬНОЙ ИНФОРМАЦИИ
Текст примечания Загл. и текст парал. на рус. и нем. яз.
304 ## - ПРИМЕЧАНИЯ, ОТНОСЯЩИЕСЯ К ЗАГЛАВИЮ И СВЕДЕНИЯМ ОБ ОТВЕТСТВЕННОСТИ
Текст примечания Авт. плана и описания фейерверка был Я.Я.Штелин, который руководил в Москве проектированием и организацией коронац. празднеств
305 ## - ПРИМЕЧАНИЯ О ДАТЕ ОСНОВАНИЯ ИЗДАНИЯ
Текст примечания Напеч. также в газ.:Примечания к Ведомостям. 1742. Ч.47 и 48 (10.VI). С.185-192
310 ## - ПРИМЕЧАНИЯ, ОТНОСЯЩИЕСЯ К ПЕРЕПЛЕТУ И УСЛОВИЯМ ДОСТУПНОСТИ
Текст примечания Тираж описания - 1000 экз., тираж грав. - 600 экз.
321 1# - ПРИМЕЧАНИЯ ОБ ОТДЕЛЬНО ИЗДАННЫХ УКАЗАТЕЛЯХ / РЕФЕРАТАХ / ССЫЛКАХ, ОТРАЖАЮЩИХ КАТАЛОГИЗИРУЕМЫЙ ДОКУМЕНТ
Примечания об указателях, рефератах, ссылках СК XVIII 8469
620 ## - МЕСТО И ДАТА ПУБЛИКАЦИИ, ИСПОЛНЕНИЯ И Т. Д.
Город Санкт-Петербург
700 #1 - ИМЯ ЛИЦА - ПЕРВИЧНАЯ ОТВЕТСТВЕННОСТЬ
Начальный элемент ввода Штелин
Часть имени, кроме начального элемента ввода Я. Я.
Даты 1709-1785
Расширение инициалов личного имени Яков Яковлевич
Код отношения Автор
702 #0 - ИМЯ ЛИЦА - ВТОРИЧНАЯ ОТВЕТСТВЕННОСТЬ
Связь между полями z01790
Начальный элемент ввода Елизавета Петровна
Дополнения к именам, кроме дат императрица российская
Даты 1709-1762
Идентификатор авторитетной/нормативной записи RU\NLR\AUTH\778655
Код отношения Объект чествования
712 02 - НАИМЕНОВАНИЕ ОРГАНИЗАЦИИ - ВТОРИЧНАЯ ОТВЕТСТВЕННОСТЬ
Начальный элемент ввода Академическая типография
Идентифицирующий признак Санкт-Петербург
Код отношения Печатник (типограф)
790 #0 - ИМЯ ЛИЦА - АЛЬТЕРНАТИВНАЯ ФОРМА
Связь между полями z01702
Начальный элемент ввода Елиcавета Петровна
801 #0 - ИСТОЧНИК ЗАПИСИ
Страна Российская Федерация
Организация NLR
Дата составления 19990818
852 ## - МЕСТОНАХОЖДЕНИЕ И ШИФР ХРАНЕНИЯ
Идентификатор организации NLR
Шифр хранения (Call Number) 13.XV.1.230
899 ## - ДАННЫЕ О МЕСТОНАХОЖДЕНИИ (устаревшее)
Местонахождение ЗНБ СГУ
899 ## - ДАННЫЕ О МЕСТОНАХОЖДЕНИИ (устаревшее)
Местонахождение БАН
-- Без ил.
899 ## - ДАННЫЕ О МЕСТОНАХОЖДЕНИИ (устаревшее)
Местонахождение ГПИБ
899 ## - ДАННЫЕ О МЕСТОНАХОЖДЕНИИ (устаревшее)
Местонахождение РГБ
-- Без ил.
942 ## - ДОПОЛНИТЕЛЬНЫЕ ЭЛЕМЕНТЫ ЗАПИСИ (АБИС)
Тип экземпляра АБИС Книга
980 ## - КОЛЛЕКЦИЯ
Название коллекции Национальная библиография
980 ## - КОЛЛЕКЦИЯ
Название коллекции Русская книга гражданской печати XVIII в. в библиотеках РФ

Нет доступных экземпляров.